000 01086nam a22002177a 4500
003 BUBTL
008 230107b ||||| |||| 00| 0 eng d
020 _a9848548069
082 _a954.92/ M373r/ 1989
100 _95143
_aমাসকারেণহাস, অ্যান্থনী
245 _aদ্যা রেইপ অব বাংলাদেশ /
_cঅ্যান্থনী মাসকারেণহাস
250 _a1st Edn
260 _aঢাকা:
_bপপুলাব পাবলিশার্স,
_cc1989
300 _a164 p.:
_bill.;
_c22 cm.
505 _aদ্যা রেইপ অব বাংলাদেশ, বাংলাদেশ, অ্যান্থনী মাসকারেণহাস, রবীন্দ্রনাথ ত্রিবেদী, মুক্তিযুদ্ধ, Liberation War
650 0 _91755
_aমুক্তিযুদ্ধ
700 _92332
_aত্রিবেদী, রবীন্দ্রনাথ
856 _k0
_l0
_yDownload
942 _2ddc
_cBK
999 _c6901
_d6901